00400nam a2200145Ia 4500003000400000005001700004008004100021040001800062041000800080100004400088110001400132245006900146260001400215710002500229OSt20260309154830.0211028s2011 xx 000 0 und d cAIMIT LIBRARY aeng aMenezes, Preeti; Suaris, Roshan.g81769 aM Rakesh. aE commerce stores sales analysis and MIS reporting application / aGoac2011 aVIT infotech Pvt Ltd